[Event "Fagernes Chess International"]
[Site "Fagernes"]
[Date "2015.03.29"]
[Round "5"]
[White "Omtvedt, Per"]
[Black "Donchenko, Irina"]
[Result "1/2-1/2"]
[WhiteElo "1919"]
[BlackElo "2058"]
[PlyCount "69"]
[EventDate "2015.??.??"]

1. e4 c5 2. Nc3 Nc6 3. g3 g6 4. Bg2 Bg7 5. d3 d6 6. Be3 Rb8 7. Qd2 b5 8. Nge2
b4 9. Nd1 Bd7 10. O-O Qc8 11. c3 Bh3 12. f4 Bxg2 13. Kxg2 Nf6 14. Nf2 O-O 15.
h3 Qb7 16. c4 a5 17. g4 a4 18. Rad1 a3 19. b3 Rbd8 20. f5 Nd7 21. Bh6 Nd4 22.
Bxg7 Kxg7 23. Nxd4 cxd4 24. Nh1 Qb6 25. Ng3 h6 26. Qf2 e5 27. h4 Nc5 28. Qf3
Rde8 29. Rd2 Qd8 30. Rh1 Rh8 31. Rf2 Ref8 32. Qe2 Nd7 33. Qd2 Qb6 34. Rhf1 Qb8
35. Kg1
1/2-1/2

[Event "Fagernes Chess International"]
[Site "Fagernes"]
[Date "2015.03.29"]
[Round "5"]
[White "Nordquelle, Daniel"]
[Black "Olsen, Robin"]
[Result "1-0"]
[WhiteElo "1874"]
[BlackElo "2030"]
[PlyCount "67"]
[EventDate "2015.??.??"]

1. e4 c6 2. d4 d5 3. e5 c5 4. dxc5 Nc6 5. Bb5 e6 6. Be3 Nge7 7. c3 Bd7 8. Bxc6
Bxc6 9. Nf3 Nf5 10. Bd4 Nxd4 11. Qxd4 Be7 12. O-O O-O 13. Nbd2 a5 14. Rfb1 a4
15. b4 f6 16. Qe3 Bd7 17. Re1 Qe8 18. Rad1 Qh5 19. Nc4 f5 20. Nb6 Rad8 21. c4
f4 22. Qa3 g5 23. cxd5 g4 24. d6 Bh4 25. Nxh4 Qxh4 26. Nxd7 Rxd7 27. Qxa4 Rdf7
28. Qb3 f3 29. b5 fxg2 30. Qg3 Qxg3 31. hxg3 Rxf2 32. d7 Rf1+ 33. Rxf1 Rxf1+
34. Rxf1
1-0

[Event "Fagernes Chess International"]
[Site "Fagernes"]
[Date "2015.03.29"]
[Round "5"]
[White "Johnsen, Kjell Magne"]
[Black "Standal, Bård"]
[Result "1-0"]
[WhiteElo "2099"]
[BlackElo "1771"]
[PlyCount "59"]
[EventDate "2015.??.??"]

1. d4 Nf6 2. c4 g6 3. Nc3 Bg7 4. e4 d6 5. Nf3 O-O 6. Be2 Nbd7 7. O-O e5 8. Qc2
c6 9. Rd1 Qc7 10. b3 Rd8 11. Bg5 h6 12. Bh4 Re8 13. d5 c5 14. Nd2 g5 15. Bg3
Nf8 16. f3 Ng6 17. Bf2 Nf4 18. Bf1 h5 19. Be3 g4 20. g3 Ng6 21. Be2 gxf3 22.
Nxf3 Ng4 23. Bd2 Qe7 24. Rf1 h4 25. h3 hxg3 26. hxg4 Nf4 27. Be1 Bxg4 28. Bxg3
Bxf3 29. Rxf3 Qg5 30. Raf1
1-0

[Event "Fagernes Chess International"]
[Site "Fagernes"]
[Date "2015.03.29"]
[Round "5"]
[White "Taksrud, Vidar"]
[Black "Engevik, Bjarne J."]
[Result "1/2-1/2"]
[WhiteElo "2009"]
[BlackElo "1819"]
[PlyCount "116"]
[EventDate "2015.??.??"]

1. d4 d5 2. Nf3 Nf6 3. c4 e6 4. Nc3 Be7 5. Bg5 Ne4 6. Bxe7 Qxe7 7. e3 Nxc3 8.
bxc3 Nd7 9. cxd5 exd5 10. Bd3 O-O 11. O-O c6 12. Qc2 Nf6 13. Ne5 h6 14. a4 Ng4
15. Nf3 Nf6 16. a5 a6 17. Rfb1 Ne4 18. Ne5 Nd6 19. Rb2 Qg5 20. c4 Nxc4 21. Nxc4
dxc4 22. Bxc4 Bh3 23. f4 Qe7 24. gxh3 Qxe3+ 25. Qf2 Qxh3 26. Bf1 Qc3 27. Qd2
Qxd2 28. Rxd2 Rfd8 29. Rb1 Rd5 30. Rxb7 Rxa5 31. Rc7 Rf5 32. Rxc6 Rxf4 33. Rxa6
Rxf1+ 34. Kxf1 Rxa6 35. Kf2 f5 36. d5 Rd6 37. Ke3 Kf7 38. Kd4 Kf6 39. Kc5 Rd8
40. d6 g5 41. Kc6 Ke5 42. Kc7 Rf8 43. Re2+ Kf4 44. d7 Rf7 45. Kd6 Rxd7+ 46.
Kxd7 Kf3 47. Re6 g4 48. Rxh6 f4 49. Rg6 g3 50. h4 g2 51. h5 Kf2 52. h6 f3 53.
h7 g1=Q 54. Rxg1 Kxg1 55. h8=Q f2 56. Qd4 Kh1 57. Qh8+ Kg2 58. Qg7+ Kh2
1/2-1/2

[Event "Fagernes Chess International"]
[Site "Fagernes"]
[Date "2015.03.29"]
[Round "5"]
[White "Machlik, Jon"]
[Black "Ali, Karim"]
[Result "1-0"]
[WhiteElo "1947"]
[BlackElo "1798"]
[PlyCount "71"]
[EventDate "2015.??.??"]

1. e4 Nc6 2. Nf3 f5 3. e5 d6 4. Bb5 dxe5 5. Nxe5 Qd5 6. Bxc6+ bxc6 7. Nf3 Ba6
8. d3 e5 9. Nc3 Bb4 10. Bd2 Qd6 11. O-O O-O-O 12. Re1 Nf6 13. Nxe5 Rhf8 14. Qf3
Bb7 15. Nc4 Qd7 16. Qe3 f4 17. Qe6 Ng4 18. h3 Nxf2 19. Kxf2 Bc5+ 20. Kf1 f3 21.
Qxd7+ Rxd7 22. Ne4 Be7 23. Ne5 fxg2+ 24. Kxg2 Rd5 25. Bc3 c5 26. Rf1 Re8 27.
Kg1 Bd6 28. Nxd6+ Rxd6 29. Rae1 Rh6 30. Kh2 Rhe6 31. Ng4 h5 32. Rxe6 Rxe6 33.
Rf8+ Kd7 34. Ne5+ Ke7 35. Rf7+ Ke8 36. Rxc7
1-0

[Event "Fagernes Chess International"]
[Site "Fagernes"]
[Date "2015.03.29"]
[Round "5"]
[White "Bjørgvik, Jan Arne"]
[Black "Mrachek, Svetlana"]
[Result "1/2-1/2"]
[WhiteElo "1833"]
[BlackElo "1617"]
[PlyCount "59"]
[EventDate "2015.??.??"]

1. e4 e6 2. d4 d5 3. exd5 exd5 4. Nf3 Bg4 5. Be2 Bd6 6. h3 Bh5 7. O-O Nf6 8.
Re1 O-O 9. Bg5 h6 10. Be3 Re8 11. Nc3 c6 12. Nh4 Bxe2 13. Rxe2 Ne4 14. Nxe4
Rxe4 15. Nf5 Bc7 16. f3 Re6 17. Bf2 Qg5 18. g4 Qf6 19. Kg2 Nd7 20. Qd2 Rae8 21.
Rae1 Nf8 22. c3 Ng6 23. Bg3 Bxg3 24. Kxg3 Ne7 25. Nxe7+ R8xe7 26. Rxe6 Rxe6 27.
Rxe6 Qxe6 28. h4 g6 29. Qf4 Qe1+ 30. Kh3
1/2-1/2

[Event "Fagernes Chess International"]
[Site "Fagernes"]
[Date "2015.03.29"]
[Round "5"]
[White "Tangelder, Yonne"]
[Black "Olsen, William Sandberg"]
[Result "1-0"]
[WhiteElo "1875"]
[BlackElo "1716"]
[PlyCount "73"]
[EventDate "2015.??.??"]

1. e4 e6 2. d4 d5 3. e5 c5 4. c3 Nc6 5. Nf3 Nge7 6. Na3 cxd4 7. cxd4 Nf5 8. Nc2
Be7 9. Bd3 O-O 10. O-O Bd7 11. Ne3 Ncxd4 12. Nxf5 Nxf3+ 13. Qxf3 exf5 14. Bxf5
Bxf5 15. Qxf5 Qb6 16. Qd7 Qe6 17. Qxb7 Qxe5 18. Bf4 Qxf4 19. Qxe7 Qe4 20. Rfe1
Qxe7 21. Rxe7 Rfe8 22. Rae1 Kf8 23. Rxe8+ Rxe8 24. Rxe8+ Kxe8 25. f4 Kd7 26.
Kf2 Kc6 27. Ke3 Kc5 28. Kd3 f5 29. a3 d4 30. h3 g6 31. g4 fxg4 32. hxg4 h5 33.
f5 gxf5 34. gxh5 f4 35. h6 f3 36. h7 f2 37. Ke2
1-0

[Event "Fagernes Chess International"]
[Site "Fagernes"]
[Date "2015.03.29"]
[Round "5"]
[White "Mansoor, Afras"]
[Black "Fossan, Andreas"]
[Result "1-0"]
[WhiteElo "1625"]
[BlackElo "1873"]
[PlyCount "125"]
[EventDate "2015.??.??"]

1. d4 d5 2. c4 c6 3. Nf3 Nf6 4. e3 Bf5 5. cxd5 cxd5 6. Qb3 Qc8 7. Nc3 e6 8. Bd2
Nc6 9. Rc1 Be7 10. Bb5 O-O 11. O-O Nd7 12. Na4 Rb8 13. Bxc6 bxc6 14. Qc3 Nb6
15. Nxb6 Rxb6 16. b3 Ba3 17. Ra1 Qb7 18. Ne5 Rc8 19. Nd3 Bxd3 20. Qxd3 c5 21.
Bc1 Bb4 22. dxc5 Bxc5 23. Bb2 Bd6 24. Rfc1 Rbc6 25. h3 h6 26. Qd4 e5 27. Qd3
Rxc1+ 28. Rxc1 Rxc1+ 29. Bxc1 e4 30. Qd4 Be7 31. Bb2 Bf6 32. Qd2 Bxb2 33. Qxb2
Qb4 34. Qd4 Qe1+ 35. Kh2 Qxf2 36. Qxa7 Qf6 37. Qa8+ Kh7 38. Qxd5 Qe7 39. Qf5+
g6 40. Qf4 Kg7 41. Qf2 Qc5 42. Qd2 Qe5+ 43. g3 Qb5 44. Kg2 h5 45. h4 Kg8 46.
Qc2 Qf5 47. Qe2 Qc5 48. Qd2 Qb5 49. b4 Kh7 50. a3 Kg8 51. Qc2 Qf5 52. Qe2 Qd7
53. b5 Qa7 54. Qb2 g5 55. b6 Qb7 56. hxg5 h4 57. a4 Qb8 58. gxh4 Qc8 59. Kg3
Qb8+ 60. Kg4 Qc8+ 61. Kh5 Qd8 62. Qd4 f5 63. Qxd8+
1-0

[Event "Fagernes Chess International"]
[Site "Fagernes"]
[Date "2015.03.29"]
[Round "5"]
[White "Berntsen-Øybø, August"]
[Black "Kvisla, Johannes Luangtep"]
[Result "0-1"]
[WhiteElo "1717"]
[BlackElo "2174"]
[PlyCount "118"]
[EventDate "2015.??.??"]

1. e4 e5 2. Nf3 Nc6 3. d4 exd4 4. Nxd4 Bb4+ 5. c3 Bc5 6. Be3 Bb6 7. Nxc6 bxc6
8. Bxb6 axb6 9. Bd3 Ne7 10. O-O d5 11. Re1 Be6 12. exd5 cxd5 13. a3 O-O 14. Nd2
c5 15. Nf3 Ng6 16. Bxg6 hxg6 17. Ne5 Qg5 18. Nf3 Qf4 19. Qd2 Qxd2 20. Nxd2 Rfd8
21. b4 Ra4 22. Red1 Rda8 23. Nb1 cxb4 24. cxb4 Rxb4 25. Nc3 Rb3 26. Nxd5 Bxd5
27. Rxd5 Rbxa3 28. Rb1 Ra1 29. Rdd1 Rxb1 30. Rxb1 Re8 31. Kf1 Re6 32. f4 Kf8
33. Kf2 Ke7 34. Rd1 Rd6 35. Rc1 b5 36. Rb1 Rb6 37. Ke3 Ke6 38. Ke4 b4 39. Rb3
Rb8 40. h3 Kf6 41. g4 Ke6 42. g5 Rb7 43. h4 Rb5 44. Ke3 Kd5 45. Kd3 Rb8 46. f5
gxf5 47. h5 Rh8 48. Rxb4 Rxh5 49. Rb7 Rxg5 50. Rxf7 Rg3+ 51. Ke2 Ke6 52. Ra7
Kf6 53. Kf2 Rb3 54. Ra6+ Kg5 55. Ra4 g6 56. Rc4 f4 57. Ra4 Kg4 58. Ra2 g5 59.
Rc2 Rh3
0-1

[Event "Fagernes Chess International"]
[Site "Fagernes"]
[Date "2015.03.29"]
[Round "5"]
[White "Jacobsen, Caroline Beer"]
[Black "Hoem, Tor Wetle"]
[Result "0-1"]
[WhiteElo "1668"]
[BlackElo "2039"]
[PlyCount "28"]
[EventDate "2015.??.??"]

1. e4 c5 2. Nc3 Nc6 3. Bb5 g6 4. Bxc6 dxc6 5. d3 Bg7 6. Be3 b6 7. f4 e5 8. Nf3
exf4 9. Bxf4 Nf6 10. Ne5 Nh5 11. Qf3 Qf6 12. Rf1 Qxf4 13. Nxf7 Qxf3 14. Rxf3
O-O
0-1

[Event "Fagernes Chess International"]
[Site "Fagernes"]
[Date "2015.03.29"]
[Round "5"]
[White "Nilsen, Tobias Lang"]
[Black "Skjølingstad, Sverre"]
[Result "1-0"]
[WhiteElo "1761"]
[BlackElo "1513"]
[PlyCount "57"]
[EventDate "2015.??.??"]

1. e4 c5 2. c3 d5 3. exd5 Qxd5 4. d4 cxd4 5. cxd4 Nc6 6. Nf3 e6 7. Bd3 Bb4+ 8.
Nc3 Qd8 9. O-O Nf6 10. a3 Be7 11. Bf4 O-O 12. h3 Nd5 13. Bh2 b6 14. Nxd5 exd5
15. Bxh7+ Kxh7 16. Qc2+ Kg8 17. Qxc6 Be6 18. Rac1 Qc8 19. Qa4 Qb7 20. Rc7 Qb8
21. Rxe7 Qd8 22. Rxa7 b5 23. Rxa8 Qxa8 24. Qxb5 Rc8 25. a4 Rc6 26. Ne5 Rc2 27.
a5 Bc8 28. Qe8+ Kh7 29. Qxf7
1-0

[Event "Fagernes Chess International"]
[Site "Fagernes"]
[Date "2015.03.29"]
[Round "5"]
[White "Kløfsrud, August Kristiansen"]
[Black "Lund, Gunnar"]
[Result "0-1"]
[WhiteElo "1571"]
[BlackElo "1719"]
[PlyCount "86"]
[EventDate "2015.??.??"]

1. d4 d5 2. c4 e6 3. Nf3 Nf6 4. Nc3 c6 5. Bg5 Nbd7 6. e3 Qa5 7. a3 Ne4 8. Qc1
Nxg5 9. Nxg5 dxc4 10. Nf3 b5 11. Be2 Be7 12. O-O O-O 13. e4 Bb7 14. Rd1 Nf6 15.
e5 Nd5 16. Nxd5 cxd5 17. Ne1 Qb6 18. f4 f6 19. Nc2 a5 20. Qd2 fxe5 21. fxe5 b4
22. axb4 axb4 23. Rac1 b3 24. Ne1 Ra2 25. g3 Bb4 26. Rc3 Bc6 27. Bg4 Be8 28.
Rdc1 Bg6 29. Bf3 Bxc3 30. Qxc3 Qa5 31. Qe3 Rxb2 32. Bg4 Bf5 33. Bf3 Qd2 34.
Qxd2 Rxd2 35. h4 b2 36. Nd3 Bxd3 37. Re1 b1=Q 38. Rxb1 Bxb1 39. Bg4 Bf5 40. Bf3
c3 41. Kf1 c2 42. Ke1 c1=Q+ 43. Bd1 Qxd1#
0-1

[Event "Fagernes Chess International"]
[Site "Fagernes"]
[Date "2015.03.29"]
[Round "5"]
[White "Robertsen, Bjørn"]
[Black "Shehzad, Kasher"]
[Result "1-0"]
[WhiteElo "1810"]
[BlackElo "1589"]
[PlyCount "133"]
[EventDate "2015.??.??"]

1. e4 c5 2. Nc3 Nc6 3. f4 e6 4. Nf3 Nge7 5. Bb5 a6 6. Bxc6 Nxc6 7. O-O Be7 8.
Kh1 O-O 9. Qe1 b6 10. d3 d5 11. exd5 exd5 12. Ne2 d4 13. Ng3 Bb7 14. Nf5 Bf6
15. Ne5 Re8 16. Qg3 Nxe5 17. fxe5 Rxe5 18. Nh6+ Kf8 19. Nxf7 Kxf7 20. Qxe5 Kg8
21. Qe6+ Kh8 22. Bf4 Bh4 23. Qf7 Qd5 24. Qxd5 Bxd5 25. Bc7 Re8 26. Bxb6 h6 27.
Rf5 Bb7 28. Rf7 Bd5 29. Rd7 Bc6 30. Rc7 Ba8 31. Kg1 Kh7 32. g3 Bg5 33. Bxc5
Be3+ 34. Kf1 Re5 35. g4 h5 36. Bf8 Rg5 37. Rxg7+ Rxg7 38. Bxg7 Kxg7 39. gxh5
Bf3 40. b4 Bd2 41. Rb1 Bc6 42. Ke2 Bf4 43. Rg1+ Kh7 44. Rg4 Be5 45. Rg6 Bb5 46.
Kf3 Ba4 47. Ke4 Bxh2 48. Rxa6 Bxc2 49. Kxd4 Bd1 50. Kc5 Bxh5 51. b5 Bg1+ 52. d4
Be2 53. Ra7+ Kg6 54. b6 Bh2 55. b7 Bf3 56. Ra6+ Kf7 57. d5 Ke7 58. d6+ Bxd6+
59. Rxd6 Bxb7 60. a4 Bf3 61. a5 Ba8 62. a6 Bg2 63. a7 Bf3 64. Rh6 Kd7 65. Rh8
Ke7 66. a8=Q Bxa8 67. Rxa8
1-0

[Event "Fagernes Chess International"]
[Site "Fagernes"]
[Date "2015.03.29"]
[Round "5"]
[White "Mørkedal, Øyvind"]
[Black "Yilmaz, Kazim"]
[Result "1/2-1/2"]
[WhiteElo "1711"]
[BlackElo "1620"]
[PlyCount "65"]
[EventDate "2015.??.??"]

1. d4 d5 2. c4 e6 3. Nc3 c6 4. Nf3 Nf6 5. e3 Bd6 6. Be2 O-O 7. O-O Nbd7 8. Qc2
h6 9. Rb1 Bb4 10. Bd2 Bxc3 11. bxc3 Ne4 12. c5 Nxd2 13. Qxd2 b6 14. cxb6 axb6
15. c4 dxc4 16. Bxc4 Ba6 17. Rfc1 Bxc4 18. Rxc4 c5 19. dxc5 Nxc5 20. Rd4 Qc7
21. Qb2 Rab8 22. Rg4 f6 23. Nd4 f5 24. Nb5 Qe7 25. Rd4 Rfd8 26. Rbd1 Rxd4 27.
Qxd4 Ra8 28. Nc3 Qf6 29. Qxf6 gxf6 30. Rd6 Ra3 31. Nb5 Rd3 32. Rxd3 Nxd3 33.
Nd4
1/2-1/2

[Event "Fagernes Chess International"]
[Site "Fagernes"]
[Date "2015.03.29"]
[Round "5"]
[White "Mansoor, Safeer Uddin"]
[Black "Wærstad, Leif E"]
[Result "0-1"]
[WhiteElo "1300"]
[BlackElo "1622"]
[PlyCount "80"]
[EventDate "2015.??.??"]

1. e4 c5 2. Nf3 Nc6 3. d4 cxd4 4. Nxd4 g6 5. Be3 Bg7 6. Nc3 d6 7. Nxc6 bxc6 8.
Bd3 Qa5 9. Bd2 Nf6 10. O-O O-O 11. Qe1 Qc7 12. Kh1 Re8 13. Qc1 Bb7 14. Bh6 Bh8
15. f4 Ng4 16. f5 Nxh6 17. Qxh6 Bg7 18. Qf4 Be5 19. Qg4 Kg7 20. fxg6 hxg6 21.
Rf3 Rh8 22. h3 Raf8 23. Raf1 Bc8 24. Qg5 Rh5 25. Qd2 Bg4 26. Re3 d5 27. exd5
Bf4 28. Rxe7 Qxe7 29. Qxf4 Bf5 30. Qd4+ f6 31. dxc6 Bxd3 32. cxd3 Rd8 33. Qc4
Rc5 34. Qb4 a5 35. Qa3 Qe5 36. Ne4 Rxc6 37. Qb3 Rf8 38. Qb7+ Rc7 39. Qb6 Rff7
40. Rxf6 Rc1+
0-1

[Event "Fagernes Chess International"]
[Site "Fagernes"]
[Date "2015.03.29"]
[Round "5"]
[White "Sæteren, Erlend"]
[Black "Bue, Gunnar"]
[Result "0-1"]
[WhiteElo "1428"]
[BlackElo "1673"]
[PlyCount "43"]
[EventDate "2015.??.??"]

1. e4 c5 2. Nf3 e6 3. d4 cxd4 4. Nxd4 a6 5. Nc3 Nc6 6. Be3 Nge7 7. Bd3 Nxd4 8.
Bxd4 Nc6 9. Be3 Be7 10. O-O O-O 11. Qg4 Ne5 12. Qh3 Nxd3 13. cxd3 f5 14. f3 d5
15. Ne2 f4 16. Bxf4 e5 17. Qg3 exf4 18. Nxf4 Bd6 19. Qf2 Bxf4 20. g3 Bc7 21.
Kh1 dxe4 22. dxe4
0-1

[Event "Fagernes Chess International"]
[Site "Fagernes"]
[Date "2015.03.29"]
[Round "5"]
[White "Thorvaldsen, Idun"]
[Black "Galinskyi, Mykhalo"]
[Result "1/2-1/2"]
[WhiteElo "984"]
[BlackElo "1490"]
[PlyCount "50"]
[EventDate "2015.??.??"]

1. d4 d5 2. c4 dxc4 3. e3 e6 4. Bxc4 Nf6 5. Nc3 c5 6. Nf3 Nc6 7. O-O Be7 8. Re1
O-O 9. b3 a6 10. Bb2 b5 11. Be2 Bb7 12. Ne5 Qc7 13. Nxc6 Qxc6 14. Bf3 Qc7 15.
Rc1 Rfd8 16. Bxb7 Qxb7 17. Ne2 Rac8 18. f3 Nd5 19. Ng3 cxd4 20. Rxc8 Qxc8 21.
Bxd4 h6 22. Qa1 Bf6 23. Bxf6 Nxf6 24. Rd1 Rxd1+ 25. Qxd1 Qd7
1/2-1/2

[Event "Fagernes Chess International"]
[Site "Fagernes"]
[Date "2015.03.29"]
[Round "5"]
[White "Grindbakken, Erik"]
[Black "Gaure, Sigurd Lauvås"]
[Result "0-1"]
[WhiteElo "1546"]
[BlackElo "1370"]
[PlyCount "94"]
[EventDate "2015.??.??"]

1. c4 Nf6 2. d4 e6 3. Nc3 Bb4 4. Nf3 O-O 5. Bd2 Bxc3 6. Bxc3 d5 7. e3 c6 8. c5
Re8 9. Bd3 Nbd7 10. b4 Ne4 11. Qc2 Nxc3 12. Qxc3 g6 13. h4 f6 14. Qc2 Nf8 15.
a4 e5 16. dxe5 fxe5 17. Be2 e4 18. Nd4 Ne6 19. Nxe6 Bxe6 20. Qb2 Qd7 21. b5 Qg7
22. Qxg7+ Kxg7 23. Rd1 Red8 24. Rd4 h5 25. Kd2 Bg4 26. Bxg4 hxg4 27. Kc3 a5 28.
b6 Rf8 29. Rd2 Rf5 30. g3 Raf8 31. Rh2 g5 32. hxg5 Rxg5 33. Rd1 Rgf5 34. Rf1
Kg6 35. Rfh1 R8f7 36. Rh6+ Kg7 37. Rh7+ Kg6 38. R1h6+ Kg5 39. Rxf7 Rxf7 40. Rh8
Rxf2 41. Rh7 Rf3 42. Rxb7 Rxe3+ 43. Kd4 Rxg3 44. Rg7+ Kf6 45. Rg6+ Kxg6 46. Ke5
Rb3 47. Kd6 g3
0-1

[Event "Fagernes Chess International"]
[Site "Fagernes"]
[Date "2015.03.29"]
[Round "5"]
[White "Tenold, Andreas"]
[Black "Brobakken, Lars Erik"]
[Result "0-1"]
[WhiteElo "1466"]
[BlackElo "1284"]
[PlyCount "100"]
[EventDate "2015.??.??"]

1. c4 Nf6 2. Nc3 c6 3. Nf3 d5 4. e3 Bg4 5. d4 e6 6. c5 Nbd7 7. Bd3 e5 8. Be2 e4
9. Nd2 Bxe2 10. Qxe2 Ng8 11. O-O f5 12. f3 Ndf6 13. b4 b6 14. a4 bxc5 15. bxc5
Nh6 16. Qa6 Qc8 17. Qxc8+ Rxc8 18. Rb1 Rc7 19. Rb8+ Kf7 20. a5 g6 21. Ba3 Nd7
22. Rb3 Ke6 23. Rfb1 Be7 24. a6 Rcc8 25. Na4 Bf6 26. fxe4 dxe4 27. Nc4 f4 28.
Rd1 Nf5 29. Bb2 Kd5 30. Na3 Nxe3 31. Rd2 Nb8 32. Rb7 Nxa6 33. Rxa7 Nc7 34. Nb6+
Ke6 35. Nxc8 Rxc8 36. Nc2 Nc4 37. Re2 Nxb2 38. Rxe4+ Kd5 39. Re2 Nc4 40. Ra4
Ne3 41. Nxe3+ fxe3 42. Rxe3 Rd8 43. Rd3 Ke4 44. Rb3 Bxd4+ 45. Kf1 Nb5 46. Rbb4
Rf8+ 47. Ke1 Kd5 48. Kd1 Nc3+ 49. Kc1 Nxa4 50. Rxa4 Rf2
0-1

[Event "Fagernes Chess International"]
[Site "Fagernes"]
[Date "2015.03.29"]
[Round "5"]
[White "Krogseth, Lars Martin"]
[Black "Merkesvik, Amalie Isabel"]
[Result "1-0"]
[WhiteElo "1585"]
[BlackElo "1462"]
[PlyCount "57"]
[EventDate "2015.??.??"]

1. e4 e5 2. Nf3 Nc6 3. c3 Nf6 4. d4 exd4 5. e5 Qe7 6. cxd4 d6 7. Bb5 Bd7 8. O-O
dxe5 9. Bxc6 Bxc6 10. Nxe5 Bb5 11. Re1 O-O-O 12. Nc6 Qd7 13. Nxd8 Qxd8 14. Bg5
Bb4 15. Nc3 Bxc3 16. bxc3 Qd6 17. Bxf6 Qxf6 18. Rb1 Bc6 19. c4 Rd8 20. d5 Bd7
21. Qb3 b6 22. c5 Qd4 23. c6 Bf5 24. Qb5 Rxd5 25. Qa6+ Kd8 26. Qxa7 Re5 27.
Red1 Bd3 28. Qa3 Rd5 29. Qf8#
1-0

[Event "Fagernes Chess International"]
[Site "Fagernes"]
[Date "2015.03.29"]
[Round "5"]
[White "Larsen, Per Magnus"]
[Black "Shehzad, Shazil"]
[Result "1/2-1/2"]
[WhiteElo "1312"]
[BlackElo "1518"]
[PlyCount "68"]
[EventDate "2015.??.??"]

1. d4 Nf6 2. c4 e6 3. Nc3 Bb4 4. e3 d5 5. Bd3 dxc4 6. Bxc4 O-O 7. Nge2 b6 8. a3
Be7 9. e4 Bb7 10. f3 c5 11. Be3 Nbd7 12. d5 exd5 13. Nxd5 Nxd5 14. Bxd5 Bxd5
15. Qxd5 Bf6 16. Rb1 Qc7 17. O-O Rad8 18. Qb3 Nb8 19. Bf4 Qb7 20. Nc3 Bd4+ 21.
Kh1 Nc6 22. Nd5 Ne7 23. Nxe7+ Qxe7 24. Qb5 f5 25. Rfe1 fxe4 26. Rxe4 Qb7 27.
Qb3+ Kh8 28. Bg5 Bf6 29. Bxf6 Rxf6 30. Rbe1 Qf7 31. Qb5 Re6 32. Qc4 Rxe4 33.
Qxe4 h6 34. Qc2 Qh5
1/2-1/2

[Event "Fagernes Chess International"]
[Site "Fagernes"]
[Date "2015.03.29"]
[Round "5"]
[White "Hina, Ariza"]
[Black "Shehzad, Alisha"]
[Result "1-0"]
[WhiteElo "816"]
[BlackElo "879"]
[PlyCount "33"]
[EventDate "2015.??.??"]

1. e4 e5 2. Nc3 Nc6 3. Bc4 Nf6 4. d3 h6 5. f4 Bb4 6. Nf3 d6 7. O-O Bg4 8. h3
Bh5 9. Qe1 O-O 10. a3 Ba5 11. f5 Bxf3 12. Rxf3 Nd4 13. Rg3 Nxc2 14. Qd2 Nxa1
15. Qxh6 Ng4 16. Rxg4 g6 17. Rxg6#
1-0

[Event "Fagernes Chess International"]
[Site "Fagernes"]
[Date "2015.03.29"]
[Round "6"]
[White "Maloberti, David"]
[Black "Melkevik, Johannes"]
[Result "1/2-1/2"]
[WhiteElo "2140"]
[BlackElo "2014"]
[PlyCount "50"]
[EventDate "2015.??.??"]

1. d4 f5 2. c4 Nf6 3. Nc3 d6 4. Nf3 g6 5. Bf4 Bg7 6. e3 O-O 7. c5 Nh5 8. Bc4+
e6 9. Bg5 Nf6 10. O-O h6 11. Bxf6 Bxf6 12. cxd6 cxd6 13. e4 Kh7 14. Re1 fxe4
15. Nxe4 Bg7 16. Bb3 Nc6 17. Qd3 e5 18. d5 Nd4 19. Nxd4 exd4 20. Ng3 Be5 21.
Bd1 Qh4 22. Bf3 Bd7 23. Rac1 Rac8 24. Be4 Qf6 25. Bf3 Qh4
1/2-1/2

[Event "Fagernes Chess International"]
[Site "Fagernes"]
[Date "2015.03.29"]
[Round "6"]
[White "Nordquelle, Daniel"]
[Black "Machlik, Endre"]
[Result "0-1"]
[WhiteElo "1874"]
[BlackElo "2036"]
[PlyCount "60"]
[EventDate "2015.??.??"]

1. e4 c6 2. d4 d5 3. e5 Bf5 4. h4 h5 5. c4 e6 6. Nc3 Nd7 7. cxd5 cxd5 8. Nf3
Ne7 9. b4 Nc6 10. a3 Rc8 11. Na4 Bxb4+ 12. Bd2 Be7 13. Qb3 b6 14. Ba6 Rc7 15.
Nc3 Na5 16. Qa4 O-O 17. g3 Nc4 18. Qb3 Bg4 19. Nb5 Bxf3 20. Qxf3 Nxd2 21. Kxd2
Rc4 22. Nxa7 Rxd4+ 23. Bd3 Nxe5 24. Qxh5 Rxd3+ 25. Ke2 Qc7 26. Rac1 Qxa7 27.
Qxe5 Bf6 28. Qf4 Qxa3 29. h5 Rd4 30. Qc7 Qd3+
0-1

[Event "Fagernes Chess International"]
[Site "Fagernes"]
[Date "2015.03.29"]
[Round "6"]
[White "Machlik, Monika"]
[Black "Nilsen, Martin"]
[Result "0-1"]
[WhiteElo "1967"]
[BlackElo "2025"]
[PlyCount "60"]
[EventDate "2015.??.??"]

1. d4 Nf6 2. c4 c5 3. d5 e6 4. Nc3 exd5 5. cxd5 Bd6 6. e4 O-O 7. f4 Nxe4 8.
Nxe4 Re8 9. Qe2 Bf8 10. g4 b5 11. Bg2 Bb7 12. Nh3 Bxd5 13. Kd1 Bxe4 14. Bxe4 d5
15. Bxh7+ Kxh7 16. Qd3+ Kg8 17. Ng5 g6 18. Qh3 Bg7 19. f5 Qf6 20. Rf1 Nd7 21.
Nxf7 Qxf7 22. Bd2 Re4 23. g5 gxf5 24. Rxf5 Qe6 25. g6 Rh4 26. Qf1 Rf8 27. Rxf8+
Nxf8 28. Qxb5 Rxh2 29. Rc1 Qe4 30. Qf1 Rh1
0-1

[Event "Fagernes Chess International"]
[Site "Fagernes"]
[Date "2015.03.29"]
[Round "6"]
[White "Løbersli, Henrik Øie"]
[Black "Bentsen, Håkon"]
[Result "1/2-1/2"]
[WhiteElo "2078"]
[BlackElo "2050"]
[PlyCount "39"]
[EventDate "2015.??.??"]

1. e4 e5 2. Nf3 Nc6 3. Bb5 a6 4. Ba4 Nf6 5. O-O Nxe4 6. d4 b5 7. Bb3 d5 8. dxe5
Be6 9. Nbd2 Nc5 10. c3 Be7 11. Bc2 d4 12. cxd4 Nxd4 13. Nxd4 Qxd4 14. Nf3 Qxd1
15. Rxd1 Bg4 16. Be3 O-O 17. Rac1 Rad8 18. Kf1 Ne6 19. Ke2 c5 20. Be4
1/2-1/2

[Event "Fagernes Chess International"]
[Site "Fagernes"]
[Date "2015.03.29"]
[Round "6"]
[White "Smits, Frans"]
[Black "Ranaldi, Lucas"]
[Result "0-1"]
[WhiteElo "2064"]
[BlackElo "2014"]
[PlyCount "52"]
[EventDate "2015.??.??"]

1. e4 c5 2. Nf3 g6 3. c3 Bg7 4. d4 cxd4 5. cxd4 d5 6. exd5 Nf6 7. Nc3 Nxd5 8.
h3 O-O 9. Be2 Nc6 10. O-O Be6 11. Nxd5 Bxd5 12. Be3 Qb6 13. Ne5 Qxb2 14. Nd3
Qa3 15. Nc5 b6 16. Nb3 Rfd8 17. Qc1 Qd6 18. Rd1 Rac8 19. Qd2 Bxb3 20. axb3 Bxd4
21. Bxd4 Nxd4 22. Qe3 Rc3 23. Qe4 f5 24. Rxd4 fxe4 25. Rxd6 exd6 26. Rxa7 d5
0-1

[Event "Fagernes Chess International"]
[Site "Fagernes"]
[Date "2015.03.29"]
[Round "6"]
[White "Jacobsen, Fredrik Beer"]
[Black "Johnsen, Kjell Magne"]
[Result "1/2-1/2"]
[WhiteElo "2011"]
[BlackElo "2099"]
[PlyCount "45"]
[EventDate "2015.??.??"]

1. e4 e6 2. Nc3 d5 3. exd5 exd5 4. d3 c6 5. g3 Bd6 6. Bg2 Ne7 7. Nge2 O-O 8.
O-O Bg4 9. h3 Bd7 10. Bf4 Qc7 11. Qd2 Ng6 12. Bxd6 Qxd6 13. f4 f5 14. d4 Na6
15. Nc1 Nc7 16. Nd3 Rae8 17. Rae1 Rxe1 18. Rxe1 Re8 19. a3 Rxe1+ 20. Qxe1 Qe7
21. Qxe7 Nxe7 22. Ne5 Be8 23. Kf2
1/2-1/2

[Event "Fagernes Chess International"]
[Site "Fagernes"]
[Date "2015.03.29"]
[Round "6"]
[White "Donchenko, Irina"]
[Black "Machlik, Jon"]
[Result "1-0"]
[WhiteElo "2058"]
[BlackElo "1947"]
[PlyCount "89"]
[EventDate "2015.??.??"]

1. d4 f5 2. g3 g6 3. Bg2 Nf6 4. Nf3 Bg7 5. O-O O-O 6. b4 c6 7. Bb2 a5 8. a3
axb4 9. axb4 Rxa1 10. Bxa1 Na6 11. c4 Nxb4 12. Qb3 Na6 13. c5+ Nd5 14. Nc3 e6
15. Nxd5 exd5 16. Bb2 Nc7 17. Ra1 Re8 18. e3 d6 19. cxd6 Qxd6 20. Ba3 Qd8 21.
Bc5 Ne6 22. Bb6 Qd6 23. Ra8 Bf8 24. Ra4 g5 25. Ne5 g4 26. Qc2 Ng5 27. Nd3 Qh6
28. Nf4 Bd6 29. Qd1 Qf8 30. Nd3 Be6 31. Ra7 Rb8 32. Bc5 b6 33. Bxd6 Qxd6 34. h4
Ne4 35. Bxe4 dxe4 36. Nf4 Bc4 37. Qa1 b5 38. d5 Qh6 39. dxc6 Rc8 40. Qe5 Qf8
41. Ne6 Bxe6 42. Qxe6+ Kh8 43. Rf7 Qd8 44. Qe5+ Kg8 45. Qg7#
1-0

[Event "Fagernes Chess International"]
[Site "Fagernes"]
[Date "2015.03.29"]
[Round "6"]
[White "Kvisla, Johannes Luangtep"]
[Black "Omtvedt, Per"]
[Result "1-0"]
[WhiteElo "2174"]
[BlackElo "1919"]
[PlyCount "55"]
[EventDate "2015.??.??"]

1. c4 e5 2. Nc3 Nf6 3. Nf3 Nc6 4. d3 d5 5. cxd5 Nxd5 6. e4 Nb6 7. Be3 Be7 8.
Be2 O-O 9. O-O Be6 10. a4 a5 11. Nb5 f6 12. Rc1 Rc8 13. d4 exd4 14. Nfxd4 Nxd4
15. Nxd4 Bf7 16. Bg4 Ra8 17. Ne6 Bxe6 18. Bxe6+ Kh8 19. Qh5 g6 20. Qh3 Nxa4 21.
Bh6 Bd6 22. Bxf8 Qxf8 23. f4 Qe7 24. e5 Bc5+ 25. Kh1 f5 26. Bb3 Nb6 27. Qc3 Bb4
28. Qxc7
1-0